000 00435nam a2200181Ia 4500
001 7775
005 20260306160520.0
008 260306t1998||||xx |||||||||||||| ||spa||
041 _aESP
082 _a362.0681
_bF81
100 _aFrancke Ballvé, Pedro
_eAUT
245 0 _aFocalización del gasto público en salud
260 _c1998
300 _a209 páginas :
_c
650 _aGEN
654 _aCAN
942 _cLIB
_dJUS
_fJUS
_2ddc
_n
999 _c7775
_d7775